Piloting and maneuvering of ships /

Bibliographic Details
Main Author: Kells, Lyman M. (Lyman Morse), 1888-1980
Other Authors: Kern, Willis F. (Willis Frederick), 1903-, Bland, James R.
Format: Book
Language:English
Published: New York, London : McGraw-Hill Book Co., Inc., 1943.
Subjects:

MARC

Tag First Indicator Second Indicator Subfields
LEADER 00000cam a2200000 4500
001 in00000039741
005 20210515064535.0
008 740322s1943 nyu 00000 eng u
010 |a  43008514  
035 |a (OCoLC)00838444 
035 |9 AAE0079AM 
040 |c COO  |d TXA  |d UtOrBLW 
049 |a TXAM  |c 2 [129544]  |c 3 [421967] 
050 0 0 |a VK1645  |b .K4 
092 |a 527  |b K29p 
100 1 |a Kells, Lyman M.  |q (Lyman Morse),  |d 1888-1980. 
245 1 0 |a Piloting and maneuvering of ships /  |c by Lyman M. Kells, Willis F. Kern and James R. Bland. 
264 1 |a New York,  |a London :  |b McGraw-Hill Book Co., Inc.,  |c 1943. 
300 |a xviii, 181 pages :  |b including frontispiece, illustrations, charts, diagrams ;  |c 24cm. 
336 |a text  |b txt  |2 rdacontent 
337 |a unmediated  |b n  |2 rdamedia 
338 |a volume  |b nc  |2 rdacarrier 
650 0 |a Pilots and pilotage. 
650 0 |a Nautical instruments. 
700 1 |a Kern, Willis F.  |q (Willis Frederick),  |d 1903- 
700 1 |a Bland, James R. 
999 |a MARS 
999 f f |s c3eae0dd-9156-34ec-9fd1-51a8eab4403e  |i 76baca24-cfe6-34d0-a00f-ee618beff75d  |t 0 
952 f f |p ric  |a Texas A&M University  |b Rellis Campus  |c Joint Library Facility  |s JLF  |d Remote Storage  |t 0  |e VK1645 .K4  |h Library of Congress classification  |i unmediated -- volume  |m A14800904887 
998 f f |a VK1645 .K4  |t 0  |l Remote Storage